000 00860nas a2200289 4500
001 BR0905670
003 BR-BrBNA
005 20231205113728.0
007 ta
008 230509b bl.|||p| |||| 00| 00por d
040 _aBR-BrBNA
_bpor
_cBiblioteca Nacional de Agricultura
041 _a(Pt)
072 _ak01
100 1 _aPimentel, A.
100 1 _aPutton, V.
100 1 _aWatzlawick, L.F.
100 1 _aValério, A.F.
100 1 _aSaueressig, D.
245 1 _aFitossociologia do sub-bosque do parque ambiental Rubens Dallegrave, Irati, Paraná
650 _aREGENERAÇÃO NATURAL
650 _aESSÊNCIA FLORESTAL
650 _aPESQUISA FLORESTAL
650 _aPARANÁ
773 0 _tFloresta (Brazil)
_xISSN 0015-3826
_g(Jul-Sep 2008), v. 38(3) p. 479-486
_wBR0905670
909 _a202311
_bLúcia
_c55
_dLúcia Elande
942 _2AGRIS
_n0
_cANA
999 _c205277
_d205277